LEADER 01088nam a2200217 i 4500 001 000000194052 003 CaOOAMICUS 005 20101104000000.0 008 101104s1938 it u000 u ita u 013 $a172698 040 $aSeMil$bita 100 1 $aDe Camillis, Mario.$0(OLS)http://semarc/name/70550 245 10$aS. Giovanni Battista De Rossi :$bapostolo di carità nella Roma del settecento /$cMario De Camillis ; Con lettera dell'Eminentissimo Card. Pietro Boetto S.J. Arcivescovo di Genova. 260 $aRoma :$bCuore di Maria,$c1938. 300 $a55 p., [5] p. di tav. :$bill. ;$c21 cm. 600 14$aDe Rossi, Giovanni Battista .$0(OLS)http://semarc/subject/36447 700 1 $aBoetto, Pietro,$c.$0(OLS)http://semarc/name/93781 850 $aSeMil 852 $aSeMil$W1$xVenegono$y1$m3J III 107$j144626$B144626$CSeMilBibl$Z2$F155962 $81 996 $6245$aS. Giovanni Battista De Rossi :$bapostolo di carità nella Roma del settecento$9(OLS)http://semarc/title/279758 996 $6260$aRoma :$bCuore di Maria$9(OLS)http://semarc/publisher/41143 LEADER 01079nam a2200193 i 4500 001 000000057338 003 CaOOAMICUS 005 19971001000000.0 008 971001n xx u000 u lat u 013 $a28510 040 $aSeMil$bita 100 1 $aHardawiryana, Robert,$c.$0(OLS)http://semarc/name/29129 245 10$aNotio praedicationis in Epistolis Paulinis. Romae :$b[s.n.], 1961. ((Excerpta ex dissertatione ad Lauream in Facultate Theologica Pontificiae Universitatis Gregorianae. 650 4$aBibbia. Nuovo Testamento. Lettere di Paolo - Commentari, studi, critica, interpretazioni.$0(OLS)http://semarc/subject/935 650 4$aPredicazione - Studi.$0(OLS)http://semarc/subject/1679 650 4$aTesi di laurea.$0(OLS)http://semarc/subject/1690 850 $aSeMil 852 $aSeMil$W1$xVenegono$y1$m2I V 258$j23492$B23492$CSeMilBibl$Z2$F23494 $81 996 $6245$aNotio praedicationis in Epistolis Paulinis. Romae :$b[s.n.], 1961. ((Excerpta ex dissertatione ad Lauream in Facultate Theologica Pontificiae Universitatis Gregorianae.$9(OLS)http://semarc/title/89230